000 01891nam a2200361 c 4500
003 BLK
005 20230401030328.0
008 180410b bul|||||r ||||||| ||bul||
010 _aKNG00165538000
040 _aBLK
041 _aBUL
_cBUL
072 7 _2bullib
_aС
_xСтаропечатен фонд
080 _aНов завет
_b225
_x
_z225
700 1 _aСофроний Врачански
_d1739-1813
_cВладиславов, Стойко ; Софроний, епископ Врачански ; Софроний Врачански, св. ; Серафим, монах
_eсъбр. и записал
_9366013
710 1 _aБиблия. Н. З. Евангелия
_9288558
139 _aБиблия. Н. З. Евангелия
_bБ 44
245 1 0 _aЕвангелие поучително
_bЗа сичките недели през годината, за господските и богородични праздници и за по-големите святии / Събрал от славянски и от гръчески Софроний, епископ врачанский, родом котленец и съчинил на българский язик в 1806
_cсъбр. и записал Софроний Врачански.
250 _a3. изд.
257 _aBGR
260 Букурещ
_c1865
_fВ Букурещ : В книгопечатнята на Стефан Расидескува
300 _aХIV, 373, [1] с.
_bс ил., 1 л. : ил.
_c28 см
380 _a2
500 _aА сега прегледано и поправено от А. Гранитскаго ; А напечатано от Петра Стоянова търновчянина Текст с църковнослав. шрифт
650 4 _aНов Завет
_9244579
653 _aНов Завет
653 _aевангелия
659 _aС
852 _aЦб Ст 7186 * 748
856 4 _qpdf
_u
856 4 _qpdf
_u
942 _cKNG
_n0
944 _aCR
_c02.10.2014
_kХристина_Везирева
944 _aED
_c02.10.2014
_k
999 _c158489
_d158489